| 000 | 00000nam##2200000za#4500 |
| 001 | 9.635690 |
| 003 | CaOODSP |
| 005 | 20210624220356 |
| 007 | cr ||||||||||| |
| 008 | 150407|2007||||xxc|||||o f|0| 0 fre|d |
| 040 | |aCaOODSP|bfre |
| 043 | |an-cn--- |
| 086 | 1 |aFs23-512/1-2007F-PDF |
| 110 | 1 |aCanada. |bMinistère des pêches et des océans. |bRégion des Maritimes. |
| 245 | 10|aPlan de gestion intégrée de l'océan dans l'est du plateau néo-écossais - plan stratégic / |h[ressource électronique]|cPublié par la Direction des océans et de l'habitat. |
| 260 | |aDartmouth - Nouvelle-Écosse : |bPêches et Océans Canada. |cc2007. |
| 300 | |a72p.|bfigure, carte, références, tableaux, photographies |
| 500 | |aLe n° de catalogue (Fs23-512/1-2007F) et ISBN (978-0-662-73826-8) imprimés dans cette publication sont incorrects. |
| 520 | 3 |aUn plan stratégique qui représente une orientation à long terme et un engagement pour une gestion intégrée, écosystémique et adaptée de toutes les activités maritimes ayant cours dans l’est du plateau néo-écossai ou ayant des incidences sur celui-ci. Il comprend un ensemble de grands buts, d’objectifs et de stratégies visant une gouvernance concertée et une gestion intégrée, des utilisations humaines viables de l’océan et des écosystèmes sains. |
| 590 | |a08-32|b2008-08-08 |
| 691 | 07|aGestion des ressources|2gcpds |
| 775 | 08|tEastern Scotian Shelf integrated ocean management plan - strategic plan / |w(CaOODSP)9.691360 |
| 776 | 0#|tPlan de gestion intégrée de l'océan dans l'est du plateau néo-écossais - plan stratégic / |w(CaOODSP)9.683719 |
| 856 | 40|ahttp://publications.gc.ca|qPDF|s5735 Ko|uhttps://publications.gc.ca/collections/collection_2008/dfo-mpo/Fs23-512-1-2007F.pdf |
| 986 | |aMPO/2007-1229 |